书目信息 |
| 书名: | Linguistic categorization | |
| 作者: | John R. Taylor著 ; 蓝纯导读. | |
| 分册号: | ||
| 分册名: | 出版地: | 北京 : |
|
| 出版社: | 外语教学与研究出版社 | |
| 出版时间: | 2002. | |
| 页数: | 44, 321 p. ; | |
| 开本: | 23 cm. | |
| 丛书名: | 当代国外语言学与应用语言学文库 | |
| 中图分类号: | ||
| 科图分类号: | ||
| 其他分类号: | H003 | |
| 主题词: | ||
| 电子资源: | ||
| 000 | 02530nam a2200961 a 4500 | |
| 001 | E0734071719 | |
| 003 | CAL | |
| 005 | 20070819092959.07 | |
| 008 | 020404r20021995cc b 001 0 eng d | |
| 020 | @a7560023703 :@cCNY31.90. | |
| 040 | @aECNU@cECNU | |
| 050 | 4 | @aP128.C37@bT38 |
| 082 | 04 | @a401/.43@220 |
| 090 | @aH003 | |
| 093 | @aH003@24 | |
| 094 | @a41.1036@23 | |
| 099 | @dH003@ex160=2 | |
| 100 | 1 | @aTaylor, John R. |
| 245 | 10 | @aLinguistic categorization :@bprototypes in linguistic theory = 语言的范畴化 : 语言学理论中的类典型 / @cJohn R. Taylor著 ; 蓝纯导读. |
| 246 | 11 | @a语言的范畴化 :@b语言学理论中的类典型 |
| 250 | @a2nd ed. | |
| 260 | @a北京 :@b外语教学与研究出版社,@c2002. | |
| 300 | @a44, 321 p. ;@c23 cm. | |
| 440 | 0 | @a当代国外语言学与应用语言学文库 |
| 500 | @aIncludes introduction in Chinese. | |
| 504 | @aIncludes bibliographical references (p. [297]-310) and index. | |
| 534 | @pReprint. Originally published:@cLondon : Clarendon Press, c1995,@b2nd ed.@z019870013X.@z0198700121 (pbk.) | |
| 650 | 0 | @aLinguistic analysis (Linguistics) |
| 650 | 0 | @aCognitive grammar. |
| 650 | 0 | @aCategorization (Linguistics) |
| 650 | 0 | @aSemantics. |
| 700 | 1 | @aLan, Chun(蓝纯) |
| 920 | @a244050@z2 | |
| 920 | @a231220@z1 | |
| 920 | @a261020@z2 | |
| 920 | @a244020@z2 | |
| 920 | @a212020@z1 | |
| 920 | @a251010@z1 | |
| 920 | @a242170@z2 | |
| 920 | @a211090@z1 | |
| 920 | @a242020@z1 | |
| 920 | @a243160@z1 | |
| 920 | @a232010@z2 | |
| 920 | @a231010@z1 | |
| 920 | @a242010@z1 | |
| 920 | @a211260@z1 | |
| 920 | @a231280@z2 | |
| 920 | @a262070@z1 | |
| 920 | @a235030@z1 | |
| 920 | @a231030@z2 | |
| 920 | @a243325@z1 | |
| 920 | @a211020@z1 | |
| 920 | @a237385@z2 | |
| 920 | @a211060@z1 | |
| 920 | @a237010@z2 | |
| 920 | @a244010@z1 | |
| 920 | @a265010@z1 | |
| 920 | @a237040@z2 | |
| 920 | @a243040@z1 | |
| 920 | @a211162@z1 | |
| 920 | @a246060@z0 | |
| 920 | @a211168@z2 | |
| 920 | @a222220@z1 | |
| 920 | @a236010@z2 | |
| 920 | @a241061@z1 | |
| 920 | @a241420@z2 | |
| 920 | @a222020@z2 | |
| 920 | @a251020@z1 | |
| 920 | @a221010@z2 | |
| 920 | @a221060@z1 | |
| 920 | @a241180@z2 | |
| 920 | @a245010@z1 | |
| 920 | @a211390@z2 | |
| 920 | @a211270@z1 | |
| 920 | @a223140@z1 | |
| 920 | @a242250@z2 | |
| 920 | @a221020@z1 | |
| 920 | @a211010fg@z2 | |
| 920 | @a246040@z1 | |
| 920 | @a237020@z1 | |
| 920 | @a211410@z1 | |
| 920 | @a214010@z2 | |
| 998 | @aECN | |
| Linguistic categorization : : prototypes in linguistic theory = 语言的范畴化 : 语言学理论中的类典型 / / John R. Taylor著 ; 蓝纯导读.-2nd ed.-北京 : : 外语教学与研究出版社, , 2002. |
| 44, 321 p. ; ; 23 cm.- (当代国外语言学与应用语言学文库) |
| Includes introduction in Chinese.-Includes bibliographical references (p. [297]-310) and index. |
| ISBN 7560023703 :CNY31.90. |
| ● |
| 相关链接 |
|
|
|
|
正题名:Linguistic categorization
索取号:H003/x160=2
 
预约/预借
| 序号 | 登录号 | 条形码 | 馆藏地/架位号 | 状态 | 备注 |
| 1 | 0016826 | 300168262 | 第二样本阅览室/ [索取号:H003/x160=2] | 在馆 | |
| 2 | 0016827 | 300168271 | 第四借阅区/ [索取号:H003/x160=2] | 在馆 | |
| 3 | 0016828 | 300168280 | 第四借阅区/ [索取号:H003/x160=2] | 在馆 | |
| 4 | 0016829 | 300168299 | 第四借阅区/ [索取号:H003/x160=2] | 在馆 | |
| 5 | 0016830 | 300168306 | 第四借阅区/ [索取号:H003/x160=2] | 在馆 |